Вигнанець і чорна вдова (Запис № 17570)
[ простий вигляд ]
| 000 -Маркер запису | |
|---|---|
| Контрольне поле сталої довжини | 02214nam a22002657a 4500 |
| 003 - Належність контрольного номера | |
| Контрольне поле | Uzh_bibl |
| 008 - Кодовані дані | |
| Контрольне поле сталої довжини | 260430b |||||||| |||| 00| 0 ukr d |
| 020 ## - Індекс ISBN | |
| ISBN | 978-966-942-955-1 |
| Ціна | 180.00 |
| 040 ## - Джерело каталогіз. | |
| Код мови каталог. | укр. |
| 041 ## - Код мови видання | |
| Код мови оригіналу | українська |
| Код мови тексту | українська |
| 080 ## - Індекс УДК | |
| Індекс УДК | 821(477) |
| 090 ## - Шифри | |
| Поличний індекс | 821(477) |
| Авторський знак | К 59 |
| 100 ## - Автор | |
| Автор | Кокотюха,Андрій |
| 245 ## - Назва | |
| Назва | Вигнанець і чорна вдова |
| Відповідальність | обкл. О. Скворчинської |
| Фізичний носій | Текст |
| 260 ## - Вихідні дані | |
| Місце видання | Харків |
| Видавництво | Віват |
| Дата видання | 2019 |
| 300 ## - Фізичний опис | |
| Обсяг | 304 с. |
| Тип одиниці | В опр. |
| 490 ## - Серія | |
| Назва серії | Серія"Художня література" |
| 520 ## - Анотація | |
| Анотація | Весна 1909 року. Київський сищик Платон Чечель іде по сліду жорстокого убивці юних дівчат. Ним виявляється донька таємного радника з Петербурга. Згодом панянка гине за тих же обставин, що й її жертви. Тож впливові родичі звинувачують поліцейського в наклепі. Для всіх Платон стає вигнанцем. Єдиний вихід не опинитися на каторзі – це врятувати життя мільйонера фон Шлессера. Йому нібито загрожує молода дружина, що встигла здобути славу чорної вдови. Однак барон помирає, і це лише початок серії майбутніх холоднокровних убивств. Під підозрою всі спадкоємці - і навіть сам Платон… Вигнанець змушений розплутати клубок смертей та дізнатись, хто винен у злодійстві. Щоб не тільки запобігти новим злочинам, а й врятувати себе. |
| 521 ## - Примітка про цільове призначення | |
| Примітка про цільове призначення | Для широкого кола читачів |
| 546 ## - Примітка про мову | |
| Примітка про мову | укр. |
| 650 ## - Тематичні рубрики | |
| Основна рубрика | Літературно-художнє видання |
| 653 ## - Ключові слова | |
| Ключові слова | Слідчий |
| -- | Вбивство |
| 655 ## - Термін індексування — жанр/форма | |
| Жанр/форма | Детектив |
| Типове ділення | Роман |
| Хронологічне ділення | весна 1909 р. |
| 942 ## - ADDED ENTRY ELEMENTS (KOHA) | |
| Джерело класифікації чи схема поличного розташування | |
| Koha item type | Книги |
| Статус вилучення | Статус втрати/відсутності | Джерело класифікації чи схема поличного розташування | Статус пошкодження | Тип обігу (не для випозичання) | Постійне розташування | Поточне розташування | Розташування у відділі | Дата надходження | Інвентарний номер | Total Checkouts | Повний (примірниковий) шифр зберігання | Штрих-код | Date last seen | Дата, для якої чинна ціна заміни | Тип одиниці (рівень примірника) |
|---|---|---|---|---|---|---|---|---|---|---|---|---|---|---|---|
| Бібліотека-філія №3 | Бібліотека-філія №3 | Абонемент старший відділ | 30/04/2026 | 73299 | 821(477) | 4159 | 30/04/2026 | 30/04/2026 | Книги |